Degradation of forest resources : special study on forest management, afforestation and utilization of forest resources in the developing regions, Asia-Pacific region

Bibliographic Details
Main Author: SERNA
Corporate Author: Food and Agriculture Organization of the United Nations (FAO)
Format: Book
Published: Bangkok : Food and Agriculture Organization of the United Nations , 1986
Subjects:

MARC

LEADER 00000cam a2200000 7i4500
001 0000001661
005 20011005.0
090 0 0 |a FAO333.75137   |b SER 1986 
100 1 0 |a SERNA   |h Cirilio 
245 1 0 |a Degradation of forest resources :   |b special study on forest management, afforestation and utilization of forest resources in the developing regions, Asia-Pacific region   |c by Cirilio B. Serna 
260 0 0 |a Bangkok :   |b Food and Agriculture Organization of the United Nations ,   |c 1986 
300 |a v, 34 p. ;   |c 30 cm. 
500 0 0 |a Biblioraphy : p. 27-32 
650 0 0 |a Forest degradation 
710 1 1 |a Food and Agriculture Organization of the United Nations (FAO) 
998 |a JPSM 
999 |a 0000002611   |b Monograph   |c Open Shelf   |e Default branch